| 000 | 01317nam a22003017i 4500 | ||
|---|---|---|---|
| 003 | EG-ScBUE | ||
| 005 | 20240523104940.0 | ||
| 008 | 220731s2023 ua f b 000 0 ara d | ||
| 017 | _a2022 / 11311 | ||
| 020 | _a9789779420011 | ||
| 040 |
_aEG-ScBUE _bara _erda _cEG-ScBUE _dEG-ScBUE |
||
| 043 | _af-ua--- | ||
| 082 | 0 | 4 |
_222 _a347.62 _bق ا ض |
| 100 | 1 |
_aقاضي، خالد محمد، _d1967- _eمؤلف. |
|
| 245 | 1 | 0 |
_aنادي قضاة مصر : _bضمير الوطن .. ومنبر القضاة / _cبقلم القاضي الدكتور خالد محمد القاضي، رئيس محكمة الاستئناف ؛ تقديم المستشار محمد عبد المحسن منصور، رئيس نادي قضاة مصر. |
| 250 | _aالطبعة الأولى. | ||
| 264 | 1 |
_aالقاهرة : _bدار الأهرام للإصدارات القانونية، _c2023. |
|
| 300 |
_a240 صفحة ؛ _c24 سم |
||
| 336 |
_2rdacontent _aنص _btxt |
||
| 337 |
_2rdamedia _aبدون وسيط _bn |
||
| 338 |
_2rdacarrier _aمجلد _bnc |
||
| 504 | _aيشتمل على إرجاعات ببليوجرافية. | ||
| 541 |
_cDonation ; _aProf. Hassan Abdel Hamid. |
||
| 650 | 7 |
_aالقضاء _zمصر. _2BUEsh |
|
| 655 | _vReading book | ||
| 700 | 1 |
_aمنصور، محمد عبد المحسن، _eمقدم. |
|
| 942 | _2ddc | ||
| 999 |
_c30758 _d30729 |
||